ARRUPE JESUIT UNIVERSITY

CORONAVIRUS -STOP THE SPREAD - CLEAN,DISINFECT,COVER

Agency and consciousness in discourse : (Record no. 124192)

MARC details
000 -LEADER
fixed length control field 00956cam a2200301Ia 4500
001 - CONTROL NUMBER
control field 5268012
003 - CONTROL NUMBER IDENTIFIER
control field ARRUPE
005 - DATE AND TIME OF LATEST TRANSACTION
control field 20160822104030.0
008 - FIXED-LENGTH DATA ELEMENTS--GENERAL INFORMATION
fixed length control field 041214s2004 enka b 001 0 eng d
020 ## - INTERNATIONAL STANDARD BOOK NUMBER
International Standard Book Number 0826474268
035 ## - SYSTEM CONTROL NUMBER
System control number (OCoLC)ocm57224153
035 ## - SYSTEM CONTROL NUMBER
System control number (NNC)5268012
040 ## - CATALOGING SOURCE
Original cataloging agency HUA
Transcribing agency HUA
Modifying agency NNC
050 ## - LIBRARY OF CONGRESS CALL NUMBER
Classification number P99.4.P78T49 2004
092 ## - LOCALLY ASSIGNED DEWEY CALL NUMBER (OCLC)
Classification number 302.2
Item number T42 a
300 ## - PHYSICAL DESCRIPTION
Other physical details ill. ;
Dimensions 24 cm.
100 1# - MAIN ENTRY--PERSONAL NAME
Personal name Thibault, Paul J.
9 (RLIN) 22345
245 10 - TITLE STATEMENT
Title Agency and consciousness in discourse :
Remainder of title self-other dynamics as a complex system /
Statement of responsibility, etc Paul J. Thibault.
260 ## - PUBLICATION, DISTRIBUTION, ETC. (IMPRINT)
Place of publication, distribution, etc London :
Name of publisher, distributor, etc Continuum,
Date of publication, distribution, etc c2004.
300 ## - PHYSICAL DESCRIPTION
Extent xii, 354 p. :
504 ## - BIBLIOGRAPHY, ETC. NOTE
Bibliography, etc Includes bibliographical references and indexes.
650 #0 - SUBJECT ADDED ENTRY--TOPICAL TERM
Topical term or geographic name as entry element Discourse analysis.
9 (RLIN) 16007
650 #0 - SUBJECT ADDED ENTRY--TOPICAL TERM
Topical term or geographic name as entry element Semiotics
General subdivision Psychological aspects
9 (RLIN) 22349
650 #0 - SUBJECT ADDED ENTRY--TOPICAL TERM
Topical term or geographic name as entry element Semiotics
General subdivision Social aspects
9 (RLIN) 22347
650 #0 - SUBJECT ADDED ENTRY--TOPICAL TERM
Topical term or geographic name as entry element Psycholinguistics
9 (RLIN) 22350
650 #0 - SUBJECT ADDED ENTRY--TOPICAL TERM
Topical term or geographic name as entry element Consciousness.
9 (RLIN) 22351
942 ## - ADDED ENTRY ELEMENTS (KOHA)
Source of classification or shelving scheme Library of Congress Classification
Koha item type Monograph ( Printed materials)
Holdings
Withdrawn status Lost status Source of classification or shelving scheme Damaged status Not for loan Collection code Home library Current library Shelving location Date acquired Total Checkouts Full call number Barcode Date last seen Price effective from Koha item type
    Library of Congress Classification     Main Collection ARRUPE LIBRARY ARRUPE LIBRARY Main Collection 16/02/2016   P99.4.P78 T49 2004 46500006236 26/02/2019 16/02/2016 Monograph ( Printed materials)

 

Arrupe Library. PO Box MP320 Mt Pleasant, Harare, Zimbabwe
263 242 745411|librarian@aju.ac.zw